Diane Arbus: An Aperture Monograph.

Guardat en:
Dades bibliogràfiques
Autor principal: Arbus, Diane (Autor)
Format: Llibre
Publicat: New York, United States: Aperture Foundation, 1972.
Edició:Fortieth-anniversary edition
Matèries:
Etiquetes: Afegir etiqueta
Sense etiquetes, Sigues el primer a etiquetar aquest registre!

MARC

LEADER 00000nam a22000007a 4500
003 CL-VaPUC
005 20250321101931.0
008 250123t1972 ||||| |||| 00| 0 eng d
999 |c 446770  |d 446768 
020 |a 978-1-59711-174-4 
040 |c Pontificia Universidad Católica de Valparaíso 
082 |a 778.92 ARB 1972 
100 |9 895776  |a Arbus, Diane  |e author 
245 |a Diane Arbus:  |b An Aperture Monograph. 
250 |a Fortieth-anniversary edition 
260 |a New York, United States:  |b Aperture Foundation,  |c 1972. 
300 |a sin numeración:  |b fotografías. 
500 |a c.1. Instituto Arcos.08-01-2025. 
583 |c 20250123  |k Gabriela Rodríguez Cuevas 
600 0 |9 895776  |a Arbus, Diane  |d 1923-1971  |e Fotógrafa  |x Exhibición fotográfica   |z Estados Unidos 
650 0 |9 327623  |a Fotógrafos  |y Siglo 20  |z Estados Unidos 
650 0 |a Fotografías en blanco y negro  |x Retratos  |9 888505 
942 |2 ddc  |c BK  |n 0 
952 |0 0  |1 0  |2 ddc  |4 0  |6 778_920000000000000_ARB_1972  |7 0  |9 599806  |a BIBINC  |b BIBINC  |c GEN  |d 2025-01-23  |e Instituto Arcos  |i 5664702  |o 778.92 ARB 1972  |p 5664702  |r 2025-01-23  |t 1  |w 2025-01-23  |y BK  |k IFP